Statistics for Top 100 Least Guessed Countries

Click here to take the quiz!

General Stats

  • This quiz has been taken 767 times
    (719 since last reset)
  • The average score is 76 of 100

Answer Stats

PercentageCountry% Correct
43%Fiji
88%
40%Liechtenstein
87%
33%San Marino
87%
42%Guinea
86%
42%Andorra
85%
30%Seychelles
84%
40%Bhutan
84%
36%Lesotho
84%
38%Togo
84%
28%Brunei
84%
45%Vatican City
84%
27%Solomon Islands
83%
23%Palau
83%
51%Uzbekistan
83%
26%Vanuatu
83%
30%Federated States of Micronesia
82%
31%Mauritius
82%
34%Kyrgyzstan
82%
31%Djibouti
82%
39%Suriname
82%
22%Nauru
82%
27%Saint Kitts and Nevis
82%
27%Saint Lucia
82%
25%Marshall Islands
82%
29%Tonga
81%
36%Tajikistan
81%
26%Guinea-Bissau
81%
45%Turkmenistan
81%
53%Luxembourg
80%
40%Rwanda
80%
23%Tuvalu
80%
28%Equatorial Guinea
80%
23%Saint Vincent and the Grenadines
80%
30%Samoa
80%
23%Kiribati
80%
36%Kosovo
79%
24%Grenada
79%
42%Guyana
79%
31%Gambia
79%
36%Eswatini
79%
27%East Timor
78%
32%Benin
78%
28%Cape Verde
78%
21%São Tomé and Príncipe
78%
37%Trinidad and Tobago
78%
27%Burundi
78%
33%Maldives
78%
42%Malta
78%
29%Gabon
77%
46%Belize
77%
23%Comoros
76%
44%South Sudan
76%
48%Mali
76%
32%Malawi
76%
40%Moldova
76%
36%Eritrea
76%
31%Bahrain
76%
42%Armenia
75%
52%Honduras
75%
33%Mauritania
75%
42%El Salvador
75%
35%Barbados
75%
43%Zambia
75%
33%Sierra Leone
74%
48%Georgia
74%
39%Montenegro
74%
44%Qatar
74%
51%Slovenia
73%
40%Azerbaijan
73%
27%Antigua and Barbuda
73%
42%Botswana
73%
41%Liberia
73%
42%Namibia
72%
53%Zimbabwe
72%
48%Dominican Republic
72%
37%Senegal
72%
40%Mozambique
71%
44%(North) Macedonia
71%
29%Burkina Faso
71%
51%Bosnia and Herzegovina
71%
45%Cyprus
71%
49%Ghana
71%
41%Monaco
70%
50%Guatemala
70%
44%Uganda
70%
47%Ivory Coast
70%
47%Nicaragua
70%
47%Bahamas
69%
52%Albania
69%
41%Kuwait
68%
53%Serbia
68%
45%Angola
67%
44%Lebanon
67%
45%Singapore
67%
51%Myanmar
64%
45%Tanzania
64%
38%Cameroon
61%
53%Tunisia
58%
39%CAR
55%
51%Bangladesh
52%

Score Distribution

Percentile by Number Answered

Percent of People with Each Score

Your Score History

You have not taken this quiz since the last reset